00691nam a22001937a 450000500170000001000130001702000240003003500130005403700300006708200100009724500760010726000470018327000860023030000210031670000130033794200240035099900190037495201040039320180718171254.0 aB-164279 a817305181-Xc690.00 aB-164279 bAryan Books International a230.1 aSri Krishana Lila:bthe complete life of bhagavan shi krishnacVanamali aNew DelhibAryan Books Internationalc2006 apooja Apartments, 4B, Ansari Road, Daryaganj, New Delhi-110002bNew Delhie110002 a414p.c23cm(hbk) aVanamali 2ddccENh230.1mVAN c154331d154331 001040708NFICaZLSbZLSd2018-07-18l0o230.1 VANpB-164279r2018-07-18 00:00:00w2018-07-18yEN